5HLuxD.jpg

KING HENRY VIII SENIOR AND PRIMARY SCHOOL LIBRARY OPAC

Num8ers / (Record no. 190)

000 -LEADER
fixed length control field 01504cam a2200433 a 4500
001 - CONTROL NUMBER
control field .b14753133
003 - CONTROL NUMBER IDENTIFIER
control field OCoLC
005 - DATE AND TIME OF LATEST TRANSACTION
control field 20190731101407.0
008 - FIXED-LENGTH DATA ELEMENTS--GENERAL INFORMATION
fixed length control field 110301t20112010nyu 000 1 eng
020 ## - INTERNATIONAL STANDARD BOOK NUMBER
International Standard Book Number 9780545143004 (pbk.) :
020 ## - INTERNATIONAL STANDARD BOOK NUMBER
International Standard Book Number 0545143004 (pbk.) :
024 3# - OTHER STANDARD IDENTIFIER
Standard number or code 9780545143004
Additional codes following the standard number or code 50999
035 ## - SYSTEM CONTROL NUMBER
System control number (OCoLC)704371590
040 ## - CATALOGING SOURCE
Original cataloging agency CNRCS
Transcribing agency CNRCS
Modifying agency JO7
-- CDX
-- IFK
-- OCLCQ
-- W3T
041 0# - LANGUAGE CODE
Language code of text/sound track or separate title eng
042 ## - AUTHENTICATION CODE
Authentication code nbic
043 ## - GEOGRAPHIC AREA CODE
Geographic area code e-uk-en
044 ## - COUNTRY OF PUBLISHING/PRODUCING ENTITY CODE
MARC country code xxu
082 0# - DEWEY DECIMAL CLASSIFICATION NUMBER
Classification number FIC WAR
090 ## - LOCALLY ASSIGNED LC-TYPE CALL NUMBER (OCLC); LOCAL CALL NUMBER (RLIN)
Classification number (OCLC) (R) ; Classification number, CALL (RLIN) (NR) 823.92
Local cutter number (OCLC) ; Book number/undivided call number, CALL (RLIN) W262
100 1# - MAIN ENTRY--PERSONAL NAME
Personal name Ward, Rachel,
Dates associated with a name 1964-
Relator term author
245 10 - TITLE STATEMENT
Title Num8ers /
Statement of responsibility, etc. Rachel Ward.
246 ## - VARYING FORM OF TITLE
Title proper/short title Numbers
260 ## - PUBLICATION, DISTRIBUTION, ETC.
Place of publication, distribution, etc. New York :
Name of publisher, distributor, etc. Chicken House/Scholastic,
Date of publication, distribution, etc. [2011], c2010.
300 ## - PHYSICAL DESCRIPTION
Extent 325 p. ;
Dimensions 21 cm.
500 ## - GENERAL NOTE
General note Includes special sneak preview of "The cha²s"
520 ## - SUMMARY, ETC.
Summary, etc. Fifteen-year-old Jem knows when she looks at someone the exact date they will die, so she avoids relationships and tries to keep out of the way, but when she meets a boy named Spider and they plan a day out together, they become more involved than either of them had planned.
650 #0 - SUBJECT ADDED ENTRY--TOPICAL TERM
Topical term or geographic name entry element Runaways
Form subdivision Fiction.
650 #0 - SUBJECT ADDED ENTRY--TOPICAL TERM
Topical term or geographic name entry element Missing persons
Form subdivision Juvenile fiction.
650 #0 - SUBJECT ADDED ENTRY--TOPICAL TERM
Topical term or geographic name entry element Crime
Form subdivision Juvenile fiction.
650 #0 - SUBJECT ADDED ENTRY--TOPICAL TERM
Topical term or geographic name entry element Orphans
Form subdivision Juvenile fiction.
650 #0 - SUBJECT ADDED ENTRY--TOPICAL TERM
Topical term or geographic name entry element Interpersonal relations
Form subdivision Fiction.
650 #0 - SUBJECT ADDED ENTRY--TOPICAL TERM
Topical term or geographic name entry element Psychic ability
Form subdivision Fiction.
650 #0 - SUBJECT ADDED ENTRY--TOPICAL TERM
Topical term or geographic name entry element Death
Form subdivision Fiction.
651 #0 - SUBJECT ADDED ENTRY--GEOGRAPHIC NAME
Geographic name England
Form subdivision Juvenile fiction.
655 #7 - INDEX TERM--GENRE/FORM
Genre/form data or focus term Young adult fiction.
740 0# - ADDED ENTRY--UNCONTROLLED RELATED/ANALYTICAL TITLE
Uncontrolled related/analytical title Numbers.
942 ## - ADDED ENTRY ELEMENTS (KOHA)
Source of classification or shelving scheme
Koha item type Books - Fiction
Holdings
Withdrawn status Lost status Source of classification or shelving scheme Damaged status Not for loan Collection code Permanent Location Current Location Shelving location Date acquired Total Checkouts Full call number Barcode Date last seen Date last checked out Price effective from Koha item type
          Fiction KH8 Senior School Library KH8 Senior School Library Young Adult 2019-07-31 2 FIC WAR 3KHSL000101146 2026-02-13 2026-02-05 2019-07-31 Books - Fiction

Powered By KH8 IT Dept